00460nam a2200157Ia 4500008004100000020001500041082001500056100002500071245003200096250000800128260004200136300002800178500001900206600002700225650005000252240925s9999 xx 000 0 und d a8177585975 a004.21 KEN aKendall, Kenneth E. 0aSystems Analysis and Design a6th aNew Delhi:bPearson Educationc,2007. axxix,482p.bnafPirated aIncludes Index aEngineering Technology aComputer science, information & general works